Szegedi színjátszók sikere Kazincbarcikán
Elmentve itt :
| Dokumentumtípus: | Cikk |
|---|---|
| Megjelent: |
1976-08-10
|
| Sorozat: | Délmagyarország
66 No. 188 |
| Kulcsszavak: | amatőr színpadok |
| Online Access: | http://dmarchiv.bibl.u-szeged.hu/120522 |
| LEADER | 00420nab a2200145 i 4500 | ||
|---|---|---|---|
| 001 | delm120522 | ||
| 005 | 20190503111237.0 | ||
| 008 | 190503s1976 hu o 0|| hun d | ||
| 040 | |a SZTE Délmagyarország Archívum |b hun | ||
| 041 | |a hun | ||
| 245 | 0 | 0 | |a Szegedi színjátszók sikere Kazincbarcikán |h [elektronikus dokumentum] |
| 260 | |c 1976-08-10 | ||
| 300 | |a 5 | ||
| 490 | 0 | |a Délmagyarország |v 66 No. 188 | |
| 695 | |a amatőr színpadok | ||